000 00692nam a2200241Ia 4500
003 OSt
005 20220924123320.0
006 a|||||r|||| 00| 0
007 ta
008 220923b |||||||| |||| 00| 0 sak d
024 _a334429
037 _cTextual
040 _aARTS
_cARTS
_bsak
041 _2sak
_asak
082 _aO15,2D40,2:g, 33N9
100 _aRao B.Gopal
_9192407
245 0 _aMahakavi Kalidasa's Kumara sambhava mahakavya
260 _aMysore
_bSahithya Prakashana India
_c1999
650 _a SANSKRIT LITERATURE
650 _aSANSKRIT DRAMA
_9148476
942 _hO15,2D40,2:g, 33N9
_cTEXL
_2CC
999 _c415240
_d415240